000 00694nam a2200253Ia 4500
003 OSt
005 20220928113659.0
006 a|||||r|||| 00| 0
007 ta
008 220927b |||||||| |||| 00| 0 eng d
020 _c0
024 _a112228
037 _bGIFT, 25/07/2011, Gift
_cTextual
040 _aSDCL
_cSDCL
_beng
041 _2eng
_aeng
082 _aD6,8(B289C++), P4
100 _aNIIT
_9434457
245 0 _aC++ advanced programming.
260 _aNew Delhi
_bPrentice-Hall of India
_c2004
300 _avii,291p.
_ccm.
650 _aGift
_9391569
942 _hD6,8(B289C++), P4
_cTEXL
_2CC
999 _c750793
_d750793